000 00685nam a2200217Ia 4500
003 IN-BaIIA
008 211028s9999 xx 000 0 eng d
040 _cIIA Library
080 _a533.5
_bRED
100 _aRedhead, P. A
_95872
245 4 _aThe physical basis of ultrahigh vacuum
_cRedhead P. A., Hobson J. P. and Kornelsen E. V.
260 _aLondon
_bChapman and Hall
_c1968
300 _axi, 498p.
490 _aHigh vacuum series
650 _aLow density research
_95873
650 _aNASA thesaurus
650 _aUltra high vacuum
_95874
700 _aHobson, J. P.
_95875
700 _aKornelsen, E. V.
_95876
942 _cBK
999 _c3300
_d3300